| 000 | 01035pam a2200325 a 4500 | ||
|---|---|---|---|
| 999 |
_c522689 _d522689 |
||
| 001 | 1479738 | ||
| 003 | NUST | ||
| 005 | 20190102053234.0 | ||
| 008 | 880321r19881979nyu 000 1 eng | ||
| 010 | _a 87046164 | ||
| 020 |
_a0060971290 : _c$7.95 |
||
| 038 | _awaseem | ||
| 040 |
_aDLC _cDLC _dDLC |
||
| 043 | _an-us-ct | ||
| 050 | 1 | 0 |
_aPS3566.H475 _bM3 1988 |
| 082 | 0 | 0 |
_a813.54 _bPHI |
| 100 | 1 |
_aPhilipson, Morris, _d1926-2011. _912848 |
|
| 245 | 1 | 2 |
_aA man in charge : _ba novel / _cby Morris Philipson. |
| 260 |
_aNew York : _bPerennial Library, _c1988. |
||
| 300 |
_a364 p. ; _c21 cm. |
||
| 500 | _aOriginally published: New York : Simon and Schuster, c1979. | ||
| 650 | 0 |
_aMarried people _vFiction. _99944 |
|
| 650 | 0 |
_aAdultery _vFiction. _99946 |
|
| 650 | 0 |
_aCollege administrators _vFiction. _912849 |
|
| 651 | 0 |
_aNew Haven (Conn.) _vFiction. _912850 |
|
| 655 | 7 |
_aDomestic fiction. _2lcsh _94525 |
|
| 655 | 7 |
_aCollege stories. _2lcsh _912851 |
|
| 906 |
_a7 _bcbc _corignew _d1 _eocip _f19 _gy-gencatlg |
||
| 942 |
_2ddc _cBK |
||